- Galeana de Valadés, Patricia,
Entry Nombre Personal
001 - NUMERO DE CONTROL
- campo de control: 37884
003 - IDENTIFICADOR DE NUMERO DE CONTROL
- campo de control: DLC
005 - FECHA Y HORA DE LA ÜLTIMA TRANSACCIÓN
- campo de control: 20220811092552.0
008 - DATOS DE LONGITUD FIJA
- campo de control de longitud fija: 220811n| azannaabn |a aaa
010 ## - NÚMERO DE CONTROL DE LA BIBLIOTECA DEL CONGRESO
- Número de control LC: n 91071750
- Número de Control LC Cancelado/inválido: no2015025132
035 ## - NUMERO DE CONTROL
- Número de control: (OCoLC)oca02986372
040 ## - FUENTE DE CATALOGACIÓN
- Agencia original de catalogación: DLC
- Lenguaje de catalogación: spa
- Description conventions: rda
- Agencia de transcripción: DLC
- Agencia que lo modifica: DLC
- Agencia que lo modifica: OCoLC
- Agencia que lo modifica: TxU
- Agencia que lo modifica: ICU
- Agencia que lo modifica: DLC
- Agencia que lo modifica: NmU
- Agencia que lo modifica: MX-MxUPN
046 ## - FECHAS CON CODIFICACIÓN ESPECIAL
- Fecha de nacimiento: 1946-06-09
- Fuente del formato de fecha: edtf
100 1# - ENCABEZAMIENTO - NOMBRE PERSONAL
- Nombre personal: Galeana de Valadés, Patricia,
- Fechas asociadas con el nombre: 1946-
368 ## - OTROS ATRIBUTOS DE PERSONA O ENTIDAD CORPORATIVA
- Title of person: Dra.
370 ## - LUGAR ASOCIADO
- Other associated place: Ciudad de México (México)
- Fuente del término: naf
372 ## - CAMPO DE ACTIVIDAD
- Field of activity: Historia
- Fuente del término: lcsh
372 ## - CAMPO DE ACTIVIDAD
- Field of activity: Estudios latinoamericanos
373 ## - GRUPO ASOCIADO
- Associated group: Archivo General de la Nación (México)
- Fuente del término: naf
- Start period: 1994-06-02
- End period: 1999-11-15
373 ## - GRUPO ASOCIADO
- Associated group: Instituto Nacional de Estudios Históricos de las Revoluciones de México
- Fuente del término: naf
- Start period: 2013-01-15
373 ## - GRUPO ASOCIADO
- Associated group: Universidad Nacional Autónoma de México. Facultad de Filosofía y Letras
- Fuente del término: naf
375 ## - GÉNERO
- Gender: femenino
- Fuente del término: lcdgt
377 ## - LENGUA ASOCIADA
- Language code: spa
400 1# - VEÁSE - NOMBRE DE PERSONA
- Personal name: De Valadés, Patricia Galeana
400 1# - VEÁSE - NOMBRE DE PERSONA
- Control subfield: nne
- Personal name: Galeana Herrera, Patricia
400 1# - VEÁSE - NOMBRE DE PERSONA
- Personal name: Galeana, Patricia
400 1# - VEÁSE - NOMBRE DE PERSONA
- Personal name: Herrera, Patricia Galeana
400 1# - VEÁSE - NOMBRE DE PERSONA
- Personal name: Valadés, Patricia Galeana de
670 ## - FUENTE EN LA QUE SE LOCALIZARON DATOS
- Cita de la fuente: Antología de mujeres universitarias, 1990:
- Información localizada: portada (Patricia Galeana de Valadés)
670 ## - FUENTE EN LA QUE SE LOCALIZARON DATOS
- Cita de la fuente: La condición de la mujer mexicana, 1992-1993:
- Información localizada: v. 2, portada (Patricia Galeana)
670 ## - FUENTE EN LA QUE SE LOCALIZARON DATOS
- Cita de la fuente: Nuestra frontera norte, 1999:
- Información localizada: portada (Patricia Galeana) reverso de la portada (Patricia Galeana; Directora General, Archivo General de la Nación, México)
670 ## - FUENTE EN LA QUE SE LOCALIZARON DATOS
- Cita de la fuente: 150 años de soberanía y libertad, 2014:
- Información localizada: portada (Patricia Galeana Herrera)
670 ## - FUENTE EN LA QUE SE LOCALIZARON DATOS
- Cita de la fuente: Historia de los ejércitos mexicanos, 2014:
- Información localizada: portada (Patricia Galeana; general director, Inst. Nac. de Estudios Históricos de las Revoluciones de México)
670 ## - FUENTE EN LA QUE SE LOCALIZARON DATOS
- Cita de la fuente: Currículum, 2013, via WWW, May 29, 2015:
- Información localizada: (Dra. Patricia Galeana; b. June 9, 1946; Mexican; lic. in history, master's in Mexican history, doctorate in Latin American studies, all from Fac. de Filosofía y Letras, Univ. Nac. Aut. de México; general director, Inst. Nac. de Estudios Históricos de las Revoluciones de México, appointed Jan. 15, 2013; general director, Archivo General de la Nación, June 2, 1994-Nov. 15, 1999; coordinator of Antología de mujeres universitarias; lists other publications, affiliations, etc.)
- Uniform Resource Identifier: http://www.patriciagaleana.net/doc/CURRICULUM_2013.pdf
670 ## - FUENTE EN LA QUE SE LOCALIZARON DATOS
- Cita de la fuente: Red Política WWW site, May 29, 2015:
- Información localizada: (Patricia Galeana Herrera; general director, Inst. Nac. de Estudios Históricos de las Revoluciones de México; former director, Archivo General de la Nación; etc.)
- Uniform Resource Identifier: http://www.redpolitica.mx/yopolitico/perfil/patricia/galeana-herrera
902 ## - CATALOGADOR
- Catalogador: NDAF/110822
